[Event "IECC O email"]
[Site "IECC email"]
[Date "2001.06.25"]
[Round "?"]
[White "Hocks, Trevor"]
[Black "White, Jay L"]
[Result "0-1"]
[WhiteElo "1051"]
[BlackElo "1250"]
[PlyCount "87"]
[EventDate "2001.??.??"]
[EventType "tourn (corr)"]
[EventRounds "6"]
[SourceTitle "Corr 2008"]
[Source "ChessBase"]
[SourceDate "2008.06.24"]
[SourceVersion "1"]
[SourceVersionDate "2008.06.24"]
[SourceQuality "1"]

1. e4 e5 2. Nf3 Nc6 3. Bc4 Nf6 4. Nc3 Nxe4 5. Nxe4 d5 6. Bd3 dxe4 7. Bxe4 Bd6 8. 0-0 0-0 9. Re1 Bg4 10. h3 Bh5 11. g4 Bg6 12. Bxc6 bxc6 13. Nxe5 Qh4 14. Qf3 Rae8 15. d4 c5 16. Be3 Bxc2 17. Rac1 cxd4 18. Bxd4 Ba4 19. Qc3 h5 20. Re4 Bb5 21. Bxa7 hxg4 22. Rxg4 Qf6 23. f4 Be2 24. Rg2 Bb5 25. Bd4 c5 26. Be3 Bxe5 27. fxe5 Rxe5 28. Bxc5 Rd8 29. Bb4 Rd3 30. Qc8+ Re8 31. Qc5 Qh6 32. h4 Rd5 33. Qc3 Re4 34. Qc8+ Kh7 35. Be1 Bc4 36. Ra1 Qb6+ 37. Kh2 Rh5 38. Qh3 Qf6 39. Bg3 Rexh4 40. Bxh4 Rxh4 41. Qxh4+ Qxh4+ 42. Kg1 Qd4+ 43. Rf2 Bd5 44. Kf1 0-1

[Event "IECC O email"]
[Site "IECC email"]
[Date "2000.11.27"]
[Round "?"]
[White "Hocks, Trevor"]
[Black "Rietsema, Bert"]
[Result "1-0"]
[WhiteElo "965"]
[BlackElo "1000"]
[PlyCount "69"]
[EventDate "2000.??.??"]
[EventType "tourn (corr)"]
[EventRounds "6"]
[SourceTitle "Corr 2008"]
[Source "ChessBase"]
[SourceDate "2008.06.24"]
[SourceVersion "1"]
[SourceVersionDate "2008.06.24"]
[SourceQuality "1"]

1. d4 d5 2. Nc3 Nf6 3. Nf3 Nc6 4. Bf4 Bf5 5. h3 e6 6. g4 Bg6 7. e3 Bb4 8. a3 Bxc3+ 9. bxc3 Qe7 10. c4 0-0-0 11. Ne5 Nxe5 12. Bxe5 Ne8 13. cxd5 f6 14. Bf4 Be4 15. f3 Bxd5 16. c4 Bc6 17. Bh2 e5 18. d5 e4 19. Qd4 exf3 20. Qxa7 Qe4 21. dxc6 Qxc6 22. Rg1 Qe4 23. Qa8+ Kd7 24. Rd1+ Nd6 25. Qa4+ Ke6 26. Qb3 Ke7 27. c5 Nf7 28. Bxc7 Rxd1+ 29. Kxd1 Qc6 30. Bb6 Ne5 31. Bb5 Qe4 32. Bc7 f2 33. Rf1 Qg2 34. Bd6+ Kd8 35. Qe6 1-0